Statistics for Vegetables by Picture

Click here to take the quiz!

General Stats

  • This quiz has been taken 25 times
  • The average score is 12 of 15

Answer Stats

Answer% Correct
potato
100%
carrot
100%
onion
100%
mushroom
96%
cucumber
96%
pumpkin
92%
broccoli
92%
peas
92%
cabbage
83%
cauliflower
83%
leek
71%
parsnip
50%
courgette
46%
sweetcorn
38%
spring onion
33%

Score Distribution

Percentile by Number Answered

Percent of People with Each Score

Your Score History

You have not taken this quiz